000 00262nam a22000977a 4500
008 231208b |||||||| |||| 00| 0 eng d
020 _a9789355559289
100 _aMTG
_97733
245 _aMTG JEE MAIN & ADVANCED PHYSICS-CLASS-XI-XII
260 _aNew Delhi
_bMTG
_c2023
999 _c12498
_d12498